• 首页
  • 本馆介绍
  • 公告通知
  • 最新文献
  • 馆藏检索
  • 电子资源
  • 读者导购
  • 参考咨询
  • 我的图书馆
  • 登录
  • 详细信息显示
  • 放入我的书架
  • 预约/预借图书
  • 作者相关作品
  • 分类相关作品
  • 丛书相关作品
  • 出版社相关作品

书目信息

  • 表格格式
  • 工作单格式
  • 卡片格式
题名:
公共关系学
    
 
作者: 王辉 , 张进 编著
分册:  
出版信息: 北京   光明日报出版社  1989
页数: 290页
开本: 20cm
丛书名:
单 册:
中图分类: C912.3
科图分类:
主题词: 社会结构 , 社会关系
电子资源:
ISBN: 7-80014-541-7
000 00603nam0 2200217 450
001 0633105063
005 20060407091318.39
010    @a7-80014-541-7@dCNY4.00
100    @a20060407d1989 km y0chiy0120 ea
101 0  @achi
102    @aCN@b110000
200 1  @a公共关系学@Agong gong guan xi xue@f王辉,张进编著@Fwang hui,zhang jin bian zhu
210    @a北京@c光明日报出版社@d1989
215 1  @a290页@d20cm
606 0  @a社会结构
606 0  @a社会关系
690    @aC912.3@v4
701  0 @a王辉@Awang hui@4编著
701  0 @a张进@Azhang jin@4编著
801  0 @aCN@bPFT@c20060407
905    @a10447@dC912.3@e117
    
    公共关系学/王辉,张进编著.-北京:光明日报出版社,1989
    290页;20cm
    
    
    ISBN 7-80014-541-7:CNY4.00
    
●
相关链接 在E读中查询图书 在五车中查询图书 在当当中查询图书 在豆瓣中查询图书


正题名:公共关系学     索取号:C912.3/117         预约/预借

序号 登录号 条形码 馆藏地/架位号 状态 备注
1 0226955   202219508   密集书库/ [索取号:C912.3/117] 在馆    
唐山师范学院图书馆 欢迎您!
大连网信软件有限公司© 版权所有